Superasignaturas : el futuro de la enseñanza y del aprendizaje /

সংরক্ষণ করুন:
গ্রন্থ-পঞ্জীর বিবরন
প্রধান লেখক: Bain, Ken (autor.)
অন্যান্য লেখক: Barberá Marco, Óscar (traductor.)
বিন্যাস: বৈদ্যুতিন গ্রন্থ
ভাষা:কাতালান
প্রকাশিত: Valencia : Publicacions de la Universitat de Valencia, 2023.
বিষয়গুলি:
অনলাইন ব্যবহার করুন:https://elibro.unach.elogim.com/es/lc/unach/titulos/290136
ট্যাগগুলো: ট্যাগ যুক্ত করুন
কোনো ট্যাগ নেই, প্রথমজন হিসাবে ট্যাগ করুন!

MARC

LEADER 00000nam a2200000 i 4500
001 ELB290136
003 FINmELB
005 20260122121357.0
006 m o u
007 cr cn|||||||||
008 260122s2023 sp ob 000 0 cat d
020 |a 9788411181228  |q (e-book) 
035 |a (OCoLC)1569876478 
040 |a FINmELB  |b spa  |e rda  |c FINmELB 
050 1 4 |a LB2325  |b B162 2023 
080 |a 378 
082 0 4 |a 378  |2 23 
100 1 |a Bain, Ken,  |e autor. 
245 1 0 |a Superasignaturas :  |b el futuro de la enseñanza y del aprendizaje /  |c Ken Bain ; traducción Óscar Barberá. 
264 1 |a Valencia :  |b Publicacions de la Universitat de Valencia,  |c 2023. 
300 |a 1 recurso en línea (351 páginas) 
336 |a texto  |b txt  |2 rdamedia/spa 
337 |a computadora  |b c  |2 rdamedia/spa 
338 |a recurso en línea  |b cr  |2 rdacarrier/spa 
504 |a Contiene bibliografía. 
588 |a Descripción basada en metadatos suministrados por el editor y otras fuentes. 
590 |a Recurso electrónico. Santa Fe, Arg.: elibro, 2026. Disponible vía World Wide Web. El acceso puede estar limitado para las bibliotecas afiliadas a elibro. 
650 4 |a Enseñanza superior. 
650 4 |a Innovaciones educativas. 
655 4 |a Libros electrónicos. 
700 1 |a Barberá Marco, Óscar,  |e traductor. 
797 2 |a elibro, Corp. 
856 4 0 |u https://elibro.unach.elogim.com/es/lc/unach/titulos/290136